[Event "South America School-ch 33rd"]
[Site "Cochabamba"]
[Date "2017.12.06"]
[Round "4.3"]
[White "Scayola, Gianfranco"]
[Black "Espinal Valles, Alfredo Enmanuel"]
[Result "0-1"]
[WhiteElo "1271"]
[BlackElo "1874"]
[PlyCount "50"]
[EventDate "2017.12.05"]
[EventType "team-tourn"]
[EventRounds "9"]
[EventCountry "BOL"]
[SourceTitle "CBM 182 Extra"]
[Source "ChessBase"]
[SourceDate "2018.02.23"]
[SourceVersion "1"]
[SourceVersionDate "2018.02.23"]
[SourceQuality "1"]
[WhiteTeam "Uruguay"]
[BlackTeam "Peru"]
[WhiteTeamCountry "URU"]
[BlackTeamCountry "PER"]

1. c4 e6 2. Nf3 d5 3. g3 Nf6 4. Bg2 c5 5. 0-0 Be7 6. cxd5 exd5 7. d3 0-0 8. Nbd2 Nc6 9. b3 Bf5 10. Bb2 Qd7 11. Re1 Rad8 12. Rc1 b6 13. Nf1 Bh3 14. Qd2 Bxg2 15. Kxg2 d4 16. Rcd1 c4 17. a3 c3 18. Bxc3 dxc3 19. Qxc3 Bxa3 20. e4 Bb4 21. Qc2 Bxe1 22. Rxe1 Nb4 23. Qc3 Nxd3 24. Ne3 Nxe1+ 25. Qxe1 Nxe4 0-1

[Event "South America School-ch 33rd"]
[Site "Cochabamba"]
[Date "2017.12.05"]
[Round "1.3"]
[White "Espinal Valles, Alfredo Enmanuel"]
[Black "Alvarez Angel, Nelson Eduardo"]
[Result "0-1"]
[WhiteElo "1874"]
[BlackElo "1894"]
[PlyCount "86"]
[EventDate "2017.12.05"]
[EventType "team-tourn"]
[EventRounds "9"]
[EventCountry "BOL"]
[SourceTitle "CBM 182 Extra"]
[Source "ChessBase"]
[SourceDate "2018.02.23"]
[SourceVersion "1"]
[SourceVersionDate "2018.02.23"]
[SourceQuality "1"]
[WhiteTeam "Peru"]
[BlackTeam "Colombia"]
[WhiteTeamCountry "PER"]
[BlackTeamCountry "COL"]

1. e4 c5 2. Nc3 d6 3. g3 Nc6 4. Bg2 g6 5. d3 Bg7 6. Be3 Rb8 7. Qd2 e6 8. Nge2 Nd4 9. Nd1 Ne7 10. Nxd4 cxd4 11. Bh6 0-0 12. h4 f6 13. Bxg7 Kxg7 14. h5 g5 15. Bh3 h6 16. f4 Qc7 17. Nf2 Bd7 18. 0-0-0 b5 19. Kb1 b4 20. Ng4 a5 21. Rh2 Qc5 22. Rf1 Ng8 23. fxg5 fxg5 24. Rhf2 a4 25. Bg2 b3 26. cxb3 axb3 27. axb3 Qb5 28. e5 Rxf2 29. Qxf2 Qxd3+ 30. Ka1 d5 31. Qf7+ Kh8 32. Qxd7 Ra8+ 33. Qa4 Rxa4+ 34. bxa4 Qxg3 35. Bxd5 exd5 36. Nf6 Qxe5 37. Nd7 Qe8 38. Nc5 Qxh5 39. a5 d3 40. a6 Qe2 41. Rb1 Qe7 42. b4 d2 43. Rd1 Qe1 0-1

[Event "PER-ch"]
[Site "Lima"]
[Date "2017.03.04"]
[Round "7"]
[White "Robledo, Manuel"]
[Black "Espinal Valles, Alfredo Enmanuel"]
[Result "1-0"]
[WhiteElo "2173"]
[BlackElo "1636"]
[PlyCount "55"]
[EventDate "2017.03.01"]
[EventType "swiss"]
[EventRounds "9"]
[EventCountry "PER"]
[SourceTitle "CBM 177 Extra"]
[Source "ChessBase"]
[SourceDate "2017.04.27"]
[SourceVersion "1"]
[SourceVersionDate "2017.04.27"]
[SourceQuality "1"]

1. d4 d5 2. c4 e6 3. Nc3 f5 4. Nf3 c6 5. g3 Nf6 6. Bg2 Bd6 7. b3 0-0 8. 0-0 Bd7 9. Bb2 Be8 10. Qc1 Ne4 11. Ne5 Nd7 12. Nd3 Qf6 13. a4 a5 14. e3 Qe7 15. Re1 Bh5 16. Nb1 Ng5 17. Nd2 Bg4 18. f3 Bh3 19. Bh1 Rf6 20. Ba3 Bxa3 21. Qxa3 Qe8 22. b4 h5 23. bxa5 Rh6 24. Qb4 h4 25. Kf2 hxg3+ 26. hxg3 Ne4+ 27. fxe4 Bg4 28. e5 1-0

[Event "PER-ch"]
[Site "Lima"]
[Date "2017.03.02"]
[Round "4"]
[White "Espinal Valles, Alfredo Enmanuel"]
[Black "Arcos Amado, Luis Gabriel"]
[Result "1-0"]
[WhiteElo "1636"]
[BlackElo "1498"]
[PlyCount "41"]
[EventDate "2017.03.01"]
[EventType "swiss"]
[EventRounds "9"]
[EventCountry "PER"]
[SourceTitle "CBM 177 Extra"]
[Source "ChessBase"]
[SourceDate "2017.04.27"]
[SourceVersion "1"]
[SourceVersionDate "2017.04.27"]
[SourceQuality "1"]

1. e4 c5 2. d4 cxd4 3. c3 dxc3 4. Nxc3 e6 5. Nf3 Nc6 6. Bc4 a6 7. Qe2 Be7 8. 0-0 d6 9. Rd1 b5 10. Bb3 Bb7 11. Bf4 Qc7 12. Rac1 Rc8 13. Nd5 exd5 14. exd5 Qd7 15. dxc6 Bxc6 16. Ne5 Qb7 17. Nxf7 Kf8 18. Nxh8 d5 19. Qe6 Bf6 20. Bxd5 Qd7 21. Bd6+ 1-0

[Event "Lima-ch U14"]
[Site "Lima"]
[Date "2017.01.22"]
[Round "7.3"]
[White "Espinal Valles, Alfredo Enmanuel"]
[Black "Gomez Sulca, Frank Royer"]
[Result "1/2-1/2"]
[WhiteElo "1625"]
[BlackElo "1640"]
[PlyCount "23"]
[EventDate "2017.01.19"]
[EventType "swiss"]
[EventRounds "7"]
[EventCountry "PER"]
[SourceTitle "EXT 2024"]
[Source "ChessBase"]
[SourceDate "2023.10.10"]
[SourceVersion "1"]
[SourceVersionDate "2023.10.10"]
[SourceQuality "1"]

1. e4 c5 2. d4 cxd4 3. c3 dxc3 4. Nxc3 Nc6 5. Nf3 d6 6. Bc4 e6 7. 0-0 Be7 8. Qe2 Nf6 9. Rd1 e5 10. b3 0-0 11. Ba3 a6 12. Nd5 1/2-1/2

[Event "Lima-ch U14"]
[Site "Lima"]
[Date "2017.01.22"]
[Round "6.5"]
[White "Vasquez Vargas, Henry Richard"]
[Black "Espinal Valles, Alfredo Enmanuel"]
[Result "0-1"]
[WhiteElo "1413"]
[BlackElo "1625"]
[PlyCount "98"]
[EventDate "2017.01.19"]
[EventType "swiss"]
[EventRounds "7"]
[EventCountry "PER"]
[SourceTitle "EXT 2024"]
[Source "ChessBase"]
[SourceDate "2023.10.10"]
[SourceVersion "1"]
[SourceVersionDate "2023.10.10"]
[SourceQuality "1"]

1. d4 d5 2. c4 c6 3. Nc3 f5 4. cxd5 cxd5 5. Qb3 Nf6 6. Bg5 e6 7. e3 Be7 8. Bxf6 Bxf6 9. g3 0-0 10. Bg2 Nc6 11. Nge2 Bd7 12. 0-0 Na5 13. Qc2 Rc8 14. b3 b5 15. a3 Nb7 16. Qd3 Nd6 17. Rfc1 Qb6 18. b4 Nc4 19. Ra2 Be8 20. Nb1 g5 21. Nd2 Bg6 22. f4 Bh5 23. Nb3 Bxe2 24. Qxe2 gxf4 25. gxf4 Kh8 26. Nc5 Qd6 27. Nb7 Qe7 28. Nc5 Rc6 29. Kh1 Rg8 30. Rg1 Qg7 31. Raa1 Qf7 32. Bf3 Rcc8 33. Bh5 Qe7 34. Ra2 Rxg1+ 35. Kxg1 Rg8+ 36. Kh1 Qg7 37. Ra1 Qe7 38. Ra2 Bh4 39. Ra1 Qf6 40. Nd7 Qg7 41. Nc5 Qh6 42. Bf7 Rg4 43. Bxe6 Qh5 44. Bxd5 Bg3 45. Bf3 Nxe3 46. Bxg4 Nxg4 47. Ra2 Nf2+ 48. Kg2 Qh3+ 49. Kf3 Bh4# 0-1